1242 1874 1662 1801 1714 1045 1569 1457 1544 1990 1323 1875 1146 1992 1955 1614 1422 1964 1096 1446 1333 1138 1220 1945 1671 1001 1221 1176 1675 1858 1578 1827 1960 1085 1554 1866 1023 1791 1599 1007 1668 1265 1886 1257 1610 1189 1586 1189 1807 1601 1806 1249 1471 1073 1774 1340 1090 1330 1046 1535 1703 1846 1742 1835 1310 1910 1903 1946 1198 1443 1099 1413 1388 1165 1332 1092 1425 1324 1974 1715 1595 1400 1784 1872 1364 1954 1097 1654 1109 1922 1519 1476 1953 1109 1960 1210 1449 1051 1956 BCNSPRNW ULIB Ver.6.0+V

เปลี่ยนเป็นภาษาไทย

Change to English
 แสดงรายละเอียดบรรณานุกรม
  กลับหน้าหลัก

Brief Record : Get Marc (ISO 2709) : E-mail record : QR code < ปิดหน้าต่าง
LEADER : 00000nam 2200000uu 4500
001    13399114449
003     ULIB
008    110802s||||||||th 000 0 tha d
040    cl
050  4 HF5549^bม189อ
100 0  มยุรี ศรีอุดร
245 10 เอกสารถอดบทเรียน : เส้นทางสู้ความสำเร็จในการพัฒนาคุณค่างานประจำ /^cบรรณาธิการ ; มยุรี ศรีอุดร
260    กรุงเทพฯ :^bสถาบันพระบรมราชชนก,^c2555
300    101 หน้า
650  4 พัฒนางาน
650  4 ความสำเร็จ
945    ^p0^l0^i031556
945    ^p0^l0^i031557
995    ทศพร
999 ^a ทศพร
รายการนี้ยังไม่มีแท็ก
คุณยังไม่ได้ล็อกอิน คุณสามารถมีกิจกรรมร่วมกับเว็บไซต์ได้ แต่ต้องล็อกอินก่อน ::
  ล็อกอิน

รายการสื่อสารสนเทศ

ลำดับที่ ประเภท เลขเรียก/บาร์โค้ด สถานที่ สถานะ
1. การศึกษาทั่วไป
การศึกษาทั่วไป
HF5549 ม189อ ฉ.2 
  Barcode: 031557
ห้องสมุดวิทยาเขตนครสวรรค์
►หนังสือทั่วไป:l:General Books
บนชั้น

รายการใกล้เคียง
    หัวเรื่อง [ความสำเร็จ]

BibComment


ยังไม่เคยถูกคอมเมนท์

คอมเมนท์ทรัพยากรรายการนี้
  คอมเมนท์: เอกสารถอดบทเรียน ..


 Copyright 2026. Bcnsprnw @Library